00226nam a2200097 a 450000500170000000800410001705000220005824500270008065000090010765000120011620140414093836.0030611s19uu xx 00 eng d aCDR 700bCLI 1999 a1,000 Clip art people. aArt. aCD-ROM.